Аппаратно-программный комплекс для контроля положения границы разделов между слоями многослойной жидкости; Политранспортные системы

Dades bibliogràfiques
Parent link:Политранспортные системы.— 2018.— [С. 276-277]
Autor principal: Швецов С. С. Станислав Сергеевич
Autor corporatiu: Национальный исследовательский Томский политехнический университет Инженерная школа неразрушающего контроля и безопасности Отделение контроля и диагностики
Altres autors: Якимов Е. В. Евгений Валерьевич
Sumari:Заглавие с экрана
Idioma:rus
Publicat: 2018
Matèries:
Accés en línia:http://science.stu.ru/page.php?id=79
Format: Electrònic Capítol de llibre
KOHA link:https://koha.lib.tpu.ru/cgi-bin/koha/opac-detail.pl?biblionumber=659558

MARC

LEADER 00000naa0a2200000 4500
001 659558
005 20250827110836.0
035 |a (RuTPU)RU\TPU\network\28173 
035 |a RU\TPU\network\20922 
090 |a 659558 
100 |a 20190304d2018 k||y0rusy50 ca 
101 0 |a rus 
102 |a RU 
135 |a drcn ---uucaa 
181 0 |a i  
182 0 |a b 
200 1 |a Аппаратно-программный комплекс для контроля положения границы разделов между слоями многослойной жидкости  |f С. С. Швецов, Е. В. Якимов 
203 |a Текст  |c электронный 
300 |a Заглавие с экрана 
463 |t Политранспортные системы  |o тезисы докладов Х-ой Международной научно-технической конференции, Новосибирск, 15-16 Ноября 2018  |v [С. 276-277]  |d 2018 
610 1 |a электронный ресурс 
610 1 |a труды учёных ТПУ 
610 1 |a аппаратно-программные компоненты 
610 1 |a многослойность 
700 1 |a Швецов  |b С. С.  |g Станислав Сергеевич 
701 1 |a Якимов  |b Е. В.  |c специалист в области контрольно-измерительной техники  |c доцент Томского политехнического университета, кандидат технических наук  |f 1975-  |g Евгений Валерьевич  |3 (RuTPU)RU\TPU\pers\28181  |9 13139 
712 0 2 |a Национальный исследовательский Томский политехнический университет  |b Инженерная школа неразрушающего контроля и безопасности  |b Отделение контроля и диагностики  |3 (RuTPU)RU\TPU\col\23584 
801 2 |a RU  |b 63413507  |c 20190304  |g RCR 
856 4 |u http://science.stu.ru/page.php?id=79 
942 |c CF